000 00688nam a2200217 a 4500
001 000045614
003 DO-SdBNP
005 20250603111153.0
008 150416s1976 dr ad 000 0 spa d
040 _aDO-SdBNP
_bspa
_cBNPHU
082 _a657
_bF819s
100 1 _aFrancisco, Ramón A.
_967352
245 1 0 _aSistemas de contabilidad :
_bapuntes /
_cRamón A. Francisco.
260 _aSanto Domingo :
_bESD,
_c1976.
300 _a149 p. :
_bil., gráfcs. ;
_c21 cm.
500 _aIncluye referencias bibliográficas y notas al pie de las páginas
504 _aBibliografías p. 149
650 0 _aContabilidad
_95846
650 4 _aLibros de contabilidad
_921621
942 _2ddc
_cLBS1
999 _c45103
_d45103